• 首页
  • 本馆介绍
  • 公告通知
  • 最新文献
  • 馆藏检索
  • 电子资源
  • 读者导购
  • 参考咨询
  • 我的图书馆
  • 登录
  • 详细信息显示
  • 放入我的书架
  • 预约/预借图书
  • 作者相关作品
  • 分类相关作品
  • 丛书相关作品
  • 出版社相关作品

书目信息

  • 表格格式
  • 工作单格式
  • 卡片格式
题名:
中华玉文化
    
 
作者: 殷志强 , 多丽梅 著
分册:  
出版信息: 北京   中华书局  2012
页数: 182页
开本: 26cm
丛书名:
单 册:
中图分类: TS933.21
科图分类:
主题词: 玉石--文化--中国
电子资源:
ISBN: 978-7-101-08481-8
000 00909nam0 2200253 450
001 339247
005 20150608095804.37
010    @a978-7-101-08481-8@dCNY48.00
100    @a20130107d2012 em y0chiy50 ea
101 0  @achi
102    @aCN@b110000
105    @aa z 000yy
106    @ar
200 1  @a中华玉文化@Azhong hua yu wen hua@f殷志强, 多丽梅著
210    @a北京@c中华书局@d2012
215    @a182页@c彩图@d26cm
300    @a“中华诵·经典诵读行动”之文化常识系列/尚善源主编
330    @a本书力图通过系统介绍中华玉石和玉器, 通过对中华玉的特征、历史、文化内涵, 以及工艺、鉴赏、收藏等诸方面的描述, 为读者呈现出一幅生动的中国玉画卷, 带领读者全面、生动地领略和透析中华玉文化的独特魅力。
606 0  @a玉石@x文化@y中国
690    @aTS933.21@v5
701  0 @a殷志强@Ayin zhi qiang@c(研究员)@4著
701  0 @a多丽梅@Aduo li mei@4著
801  0 @aCN@b卓展宏图@c20150525
905    @dTS933.21@e43@f5
    
    中华玉文化/殷志强, 多丽梅著.-北京:中华书局,2012
    182页:彩图;26cm
    “中华诵·经典诵读行动”之文化常识系列/尚善源主编
    
    ISBN 978-7-101-08481-8:CNY48.00
    本书力图通过系统介绍中华玉石和玉器, 通过对中华玉的特征、历史、文化内涵, 以及工艺、鉴赏、收藏等诸方面的描述, 为读者呈现出一幅生动的中国玉画卷, 带领读者全面、生动地领略和透析中华玉文化的独特魅力。
●
相关链接 在E读中查询图书 在五车中查询图书 在当当中查询图书 在豆瓣中查询图书


正题名:中华玉文化     索取号:TS933.21/43         预约/预借

序号 登录号 条形码 馆藏地/架位号 状态 备注
1 864253   208642539   第二样本阅览室/ [索取号:TS933.21/43] 在馆    
2 864254   208642548   第三借阅区/ [索取号:TS933.21/43] 在馆    
3 864255   208642557   第三借阅区/ [索取号:TS933.21/43] 在馆    
4 864256   208642566   第三借阅区/ [索取号:TS933.21/43] 在馆    
5 864257   208642575   第三借阅区/ [索取号:TS933.21/43] 在馆    
唐山师范学院图书馆 欢迎您!
大连网信软件有限公司© 版权所有